| 000 | 00435nam a2200169 a 4500 | ||
|---|---|---|---|
| 005 | 20240920064542.0 | ||
| 008 | 991125s1983 mx 000 0 spa u | ||
| 020 | _a9688014729 | ||
| 035 | _aUPN01000002804 | ||
| 049 | _aCG | ||
| 050 | 4 |
_aLC5309 U59 _bA751 1983 |
|
| 245 | 0 | 0 |
_aAnálisis pedagógico : _bt. 1. |
| 260 |
_aMéxico : _bUPN, _c1983. |
||
| 300 |
_aix, 281 p. : _bil. |
||
| 650 | 4 |
_aEducación _xHistoria _96182 |
|
| 905 | _aLibro | ||
| 999 |
_c2804 _d2804 |
||